• 首页
  • 本馆介绍
  • 公告通知
  • 最新文献
  • 馆藏检索
  • 电子资源
  • 读者导购
  • 参考咨询
  • 我的图书馆
  • 登录
  • 详细信息显示
  • 放入我的书架
  • 预约/预借图书
  • 作者相关作品
  • 分类相关作品
  • 丛书相关作品
  • 出版社相关作品

书目信息

  • 表格格式
  • 工作单格式
  • 卡片格式
题名:
低温物理
    
 
作者: 卿卓夫 著
分册:  
出版信息: 北京   科学出版社  1954.12
页数: 33页
开本: 20cm
丛书名:
单 册:
中图分类: O51
科图分类:
主题词: 低温物理学
电子资源:
ISBN:
000 00495nam0 2200193 450
001 0654494062
005 20060819150952.15
010    @dCNY0.25
100    @a20060819d1954 km y0chiy0120 ea
101 0  @achi
102    @aCN@b110000
200 1  @a低温物理@Adi wen wu li@f卿卓夫著@Fqing zhuo fu zhu
210    @a北京@c科学出版社@d1954.12
215    @a33页@d20cm
606 0  @a低温物理学
690    @aO51@v3
701  0 @a卿卓夫@Aqing zhuo fu@4著
801  0 @aCN@bPFT@c20060819
905    @a10447@dO51@e14
    
    低温物理/卿卓夫著.-北京:科学出版社,1954.12
    33页;20cm
    
    
    ISBN :CNY0.25
    
●
相关链接 在E读中查询图书 在五车中查询图书 在当当中查询图书 在豆瓣中查询图书


正题名:低温物理     索取号:O51/14         预约/预借

序号 登录号 条形码 馆藏地/架位号 状态 备注
1 0468905   204689051   密集书库/ [索取号:O51/14] 在馆    
唐山师范学院图书馆 欢迎您!
大连网信软件有限公司© 版权所有